Fundamentals of investment management and strategy
Uloženo v:
| Hlavní autor: | |
|---|---|
| Médium: | Kniha |
| Jazyk: | Undetermined |
| Vydáno: |
Homewood
Richard D. Irwin, Inc.
1983
|
| Témata: | |
| Tagy: |
Přidat tag
Žádné tagy, Buďte první, kdo otaguje tento záznam!
|
| Thư viện lưu trữ: | Trung tâm Học liệu Trường Đại học Cần Thơ |
|---|
| LEADER | 00522nam a2200181Ia 4500 | ||
|---|---|---|---|
| 001 | CTU_78043 | ||
| 008 | 210402s9999 xx 000 0 und d | ||
| 082 | |a 332.6 | ||
| 082 | |b H671 | ||
| 100 | |a Hirt, Geoffrey A. | ||
| 245 | 0 | |a Fundamentals of investment management and strategy | |
| 245 | 0 | |c Geoffrey A. Hirt, Stanley B. Block | |
| 260 | |a Homewood | ||
| 260 | |b Richard D. Irwin, Inc. | ||
| 260 | |c 1983 | ||
| 650 | |a Investments | ||
| 650 | |z United States | ||
| 980 | |a Trung tâm Học liệu Trường Đại học Cần Thơ | ||